000 00990nam a2200265Ia 4500
003 OSt
005 20220923224614.0
006 a|||||r|||| 00| 0
007 ta
008 220922b |||||||| |||| 00| 0 hin d
020 _c170
024 _a246,178
037 _b375, 17/02/2011, Vani Prakashan
_cTextual
040 _aARTS
_cARTS
_bhin
041 _2hin
_ahin
082 _aO157,3N62w, 152P4;P8
100 _aतसलीमा नसरीन; गोस्वामी, अमर, अनु.
_9157083
245 0 _aमेरे बचपन के दिन
246 _aMere bachapan ke dina
250 _a5वॉं संस्करण
260 _aनयी दिल्ली
_b वाणी प्रकाशन
_c2008
300 _a295पृ.
_ccm.
942 _hO157,3N62w, 152P4;P8
_cTEXL
_2CC
999 _c372457
_d372457